| 000 | 00461cam a2200181ua 4500 | ||
|---|---|---|---|
| 020 |
_a0-7069-1432-5 _c40.00 |
||
| 041 |
_aeng _h |
||
| 082 |
_a028.71070 _bKAM/JO |
||
| 100 | _aKamath, M V . | ||
| 245 |
_aJournalist`s handbook / _cM V Kamath. _hTextual Documents |
||
| 250 |
_a1 / _b. |
||
| 260 |
_aNew Delhi : _bVikas publishing house pvt ltd , _c1983. |
||
| 300 | _a314 ; . | ||
| 365 | _a40.00 | ||
| 504 | _a | ||
| 942 | _cBK | ||
| 999 |
_c8943 _d8943 |
||